| 000 | 003730000a22001210004500 | ||
|---|---|---|---|
| 041 | 0 | _aSPA | |
| 082 | 0 | 4 | _aG 986.1 I5974a |
| 110 | 1 | _aInstituto Lingüístico de Verano | |
| 245 | 1 | 0 | _aAspectos de la cultura material de grupos etnicos de Colombia / Ministerio de Gobierno, Instituto Lingüístico de Verano |
| 260 | _aMeta, Colombia : Townsend | ||
| 001 | 11402 | ||
| 942 | _cBK | ||
| 999 |
_c40716 _d40716 |
||